Típusterv minden mennyiségben a Szegedi Tervező Vállalat munkájáról /

Elmentve itt :
Bibliográfiai részletek
Szerző: Fehér Kálmán
Dokumentumtípus: Cikk
Megjelent: 1964-09-06
Sorozat:Délmagyarország 54 No. 209
Kulcsszavak:Építőipar típustervek Szeged 1964, tervezés
Online Access:http://dmarchiv.bibl.u-szeged.hu/66264
LEADER 00534nab a2200157 i 4500
001 delm66264
005 20180927153741.0
008 180927s1964 hu o 0|| hun d
040 |a SZTE Délmagyarország Archívum  |b hun 
041 |a hun 
100 1 |a Fehér Kálmán 
245 1 0 |a Típusterv minden mennyiségben   |h [elektronikus dokumentum] :  |b a Szegedi Tervező Vállalat munkájáról /  |c  Fehér Kálmán 
260 |c 1964-09-06 
300 |a 3 
490 0 |a Délmagyarország  |v 54 No. 209 
695 |a Építőipar típustervek Szeged 1964, tervezés